Statistics for Indonesian Presidents

Click here to take the quiz!

General Stats

  • This quiz has been taken 188 times
  • The average score is 6 of 7

Answer Stats

HintAnswer% Correct
1945 - 1967Sukarno
98%
2014 -Joko Widodo
96%
1967 - 1998Suharto
92%
2001 - 2004Megawati Sukarnoputri
88%
1998 - 1999B. J. Habibie
80%
2004 - 2014Susilo Bambang Yudhoyono
77%
1999 - 2001Abdurrahman Wahid
75%

Score Distribution

Percentile by Number Answered

Percent of People with Each Score

Your Score History

You have not taken this quiz